Bài tập vẽ kỹ thuật cơ khí. T.1 /
Lập bản vẽ bằng dụng cụ vẽ thông thường; Dùng Autocad để lập bản vẽ
Saved in:
| Main Author: | |
|---|---|
| Other Authors: | |
| Format: | Book |
| Language: | Vietnamese |
| Published: |
Tp. HCM :
Giáo dục,
1999.
|
| Subjects: | |
| Tags: |
Add Tag
No Tags, Be the first to tag this record!
|
| Institutions: | Mạng thư viện Đại học Đà Nẵng |
|---|
| LEADER | 01288cam a2200373 a 4500 | ||
|---|---|---|---|
| 001 | 000044467 | ||
| 003 | 2851 | ||
| 005 | 20060721120725.0 | ||
| 008 | 010220b1999 vm 000 vie | ||
| 020 | |c 12000 | ||
| 040 | |a LRC |c LRC |d LRC | ||
| 041 | 0 | |a vie | |
| 082 | 1 | 4 | |a 604.2076 |2 21 |b TR-Q |
| 100 | 1 | |a Trần Hữu Quế, |c PGS. | |
| 245 | 1 | 0 | |a Bài tập vẽ kỹ thuật cơ khí. |n T.1 / |c Trần Hữu Quế, Nguyễn Văn Tuấn. |
| 260 | |a Tp. HCM : |b Giáo dục, |c 1999. | ||
| 300 | |a 220 tr. : |b mh. ; |c 27 cm. | ||
| 520 | 3 | |a Lập bản vẽ bằng dụng cụ vẽ thông thường; Dùng Autocad để lập bản vẽ | |
| 630 | 0 | 4 | |a Cơ khí. |
| 630 | 0 | 4 | |a Vẽ kỹ thuật. |
| 650 | 0 | 4 | |a Vẽ |x Kỹ thuật cơ khí |x Bài tập. |
| 700 | 1 | |a Nguyễn Văn Tuấn. | |
| OWN | |a DUT | ||
| AVA | |a UDN50 |b DUT |c Book |d 604.2076 TR-Q |e available |t Error 5001 Not defined in file expand_doc_bib_avail. |f 1 |g 0 |h N |i 0 |j SH |k 1 | ||
| 999 | |a From the UDN01 | ||
| AVA | |a UDN50 |b DUT |c Book |d 604.2076 TR-Q |e available |t Error 5001 Not defined in file expand_doc_bib_avail. |f 1 |g 0 |h N |i 0 |j SH |k 1 | ||
| TYP | |a Monograph | ||
| TYP | |a Printed language | ||
| 980 | |a Mạng thư viện Đại học Đà Nẵng | ||